[Event "Dekweneh op"]
[Site "Dekweneh"]
[Date "2023.03.03"]
[Round "7"]
[White "Iskandarian, Edward"]
[Black "Tarabay, Hady"]
[Result "1-0"]
[WhiteElo "1535"]
[BlackElo "1608"]
[PlyCount "41"]
[EventDate "2023.02.25"]
[EventType "tourn"]
[EventRounds "9"]
[EventCountry "LBN"]
[SourceTitle "CBM 213 Extra"]
[Source "ChessBase"]
[SourceDate "2023.05.31"]
[SourceVersion "1"]
[SourceVersionDate "2023.05.31"]
[SourceQuality "1"]

1. e4 c5 2. Nf3 d6 3. d4 cxd4 4. Nxd4 Nf6 5. Nc3 a6 6. f3 e5 7. Nb3 Be7 8. Be3 Be6 9. Qd2 Nbd7 10. 0-0-0 0-0 11. g4 b5 12. g5 b4 13. Ne2 Ne8 14. f4 a5 15. Kb1 Bc4 16. Ng3 Bxf1 17. Rdxf1 Nb6 18. Bxb6 Qxb6 19. f5 f6 20. Qd5+ Kh8 21. Qxa8 1-0